00650nam a2200217 a 4500008004100000020002200041100002700063245009000090260004100180300001200221300003300233500002000266504004100286650001900327650002200346650001600368700002100384003000100405005001700406040000900423  a0697097161 (hbk.)1 aVan De Graaff, Kent M.10aConcepts of human anatomy and physiology /cKent M. Van De Graaff and Stuart Ira Fox. aDubuque, IA :bWm. C. Brown,cc1992. a3rd ed. axx, 950 p. :bill. ;c29 cm. aIncludes index. aIncludes bibliographical references. aHuman anatomy. aHuman physiology. aPhysiology. aFox, Stuart Ira.20230120204049.0 cNUST